000 01385cam a2200277 a 4500
001 78751
003 BD-RjUL
005 20211209083153.0
008 211110s1990 ku 000 0 ara
035 _a(BD-RjUL)
035 _a(CStRLIN)
040 _aDLC-R
_cDLC-R
_dDLC
_beng
041 _aara
082 _223
_a297.7409
_bABS 1990
100 2 _aعبد الخالق، عبد الرحمن.;; Abd al-Khāliq, ʻAbd al-Raḥmān.
_9249855
245 1 0 _aشيخ الإسلام ابن تيمية والعمل الجماعي ;; Shaykh al-Islām Ibn Taymīyah wa-al-ʻamal al-jamāʻī /
_cبقلم عبد الرحمن عبد الخالق.;; bi-qalam ʻAbd al-Raḥmān ibn ʻAbd al-Khāliq.
250 _aal-Ṭabʻah 1.;; لطبعة 1.
260 _a[Kuwait] :
_bجمعية إحياء التراث الإسلامي، لجنة البحث العلمي،;; Jamʻīyat Iḥyāʼ al-Turāth al-Islāmī, Lajnat al-Baḥth al-ʻIlmī,
_c1990.
300 _a104 p. ;
_c24 cm.
504 _aIncludes bibliographical references.
600 2 0 _aابن تيمية، أحمد بن عبد الحليم.;; Ibn Taymīyah, Aḥmad ibn ʻAbd al-Ḥalīm,
_d1263-1328.
_9249857
650 0 _aDaʻwah (Islam)
_xHistory.
_9246155
650 0 _aJihad
_xHistory.
_9249858
942 _2ddc
_cBK
999 _c78751
_d78751